书目信息 |
| 题名: |
作物栽培学
|
|
| 作者: | 胡立勇 , 丁艳锋 主编 | |
| 分册: | ||
| 出版信息: | 北京 高等教育出版社 2016.01 |
|
| 页数: | 490页 | |
| 开本: | 26cm | |
| 丛书名: | ||
| 单 册: | ||
| 中图分类: | S31 | |
| 科图分类: | ||
| 主题词: | 作物--教材--高等学校--栽培 | |
| 电子资源: | ||
| ISBN: | 978-7-04-024940-8 | |
| 000 | 01054nam0 2200253 450 | |
| 001 | 724 | |
| 005 | 20160908104946.92 | |
| 010 | @a978-7-04-024940-8@dCNY39.80 | |
| 100 | @a20081215d2016 em y0chiy50 ea | |
| 101 | 0 | @achi |
| 102 | @aCN@b110000 | |
| 105 | @aa z 000yy | |
| 200 | 1 | @a作物栽培学@9zuo wu zai pei xue@f胡立勇,丁艳锋主编 |
| 210 | @a北京@c高等教育出版社@d2016.01 | |
| 215 | @a490页@c彩图@d26cm | |
| 300 | @a普通高等教育“十一五”国家级规划教材 | |
| 330 | @a本书共分为上、下两篇。上篇系统介绍了作物与作物栽培学的基本概念、作物的生长发育特性、作物产量与品质形成、作物栽培基本技术、作物化学调控与设施栽培等共性知识与技术。下篇重点介绍了水稻、小麦与大麦、玉米、大豆、马铃薯、甘薯、棉花、花生等主要农作物的生产与应用概况、栽培的生物学基础及理论、关键的管理技术及发展趋势。 | |
| 333 | @a使用对象:农学类专业学生、从业人员 | |
| 606 | 0 | @a作物@j教材@x高等学校@x栽培 |
| 690 | @aS31@v4 | |
| 701 | 0 | @a胡立勇@9hu li yong@4主编 |
| 701 | 0 | @a丁艳锋@9ding yan feng@4主编 |
| 801 | 0 | @aCN@b唐山师范学院图书馆@c20160723 |
| 905 | @aZUCC@dS31@e49 | |
| 作物栽培学/胡立勇,丁艳锋主编.-北京:高等教育出版社,2016.01 |
| 490页:彩图;26cm |
| 普通高等教育“十一五”国家级规划教材.-使用对象:使用对象:农学类专业学生、从业人员 |
| ISBN 978-7-04-024940-8:CNY39.80 |
| 本书共分为上、下两篇。上篇系统介绍了作物与作物栽培学的基本概念、作物的生长发育特性、作物产量与品质形成、作物栽培基本技术、作物化学调控与设施栽培等共性知识与技术。下篇重点介绍了水稻、小麦与大麦、玉米、大豆、马铃薯、甘薯、棉花、花生等主要农作物的生产与应用概况、栽培的生物学基础及理论、关键的管理技术及发展趋势。 |
| ● |
| 相关链接 |
|
|
|
|
正题名:作物栽培学
索取号:S31/49
 
预约/预借
| 序号 | 登录号 | 条形码 | 馆藏地/架位号 | 状态 | 备注 |
| 1 | 903162 | 209031625 | 第二样本阅览室/ [索取号:S31/49] | 在馆 | |
| 2 | 903163 | 209031634 | 第三借阅区/ [索取号:S31/49] | 在馆 | |
| 3 | 903164 | 209031643 | 第三借阅区/ [索取号:S31/49] | 在馆 | |
| 4 | 903165 | 209031652 | 密集书库-生命科学系/ [索取号:S31/49] | 在馆 |